000 00374 a2200169 4500
001 17812
020 _a9788526017405
040 _cAnchieta - Bela Vista
100 _aFrança, Mary
240 1 0 _aOs pingos e as sementes
_lpor
245 1 0 _aOs pingos e as sementes
300 _a16
362 0 _a2012
440 1 _aGlobal
650 4 _aLiteratura infantil
942 _cBK
999 _c17812
_d17812